000 nam a22 a 4500
999 _c106699
_d106699
003 BLK
005 20201026112600.0
008 180409b bul|||||r ||||||| ||bul||
010 _aKNG00111962000
040 _aBLK
041 _aRUS
_cRUS
072 7 _2bullib
_aЦ
_xРедки и ценни
080 _aИзточноправославни църкви: българска, руска, гръцка, сръбска, румънска, грузинска, македонска
_b281.9
_x(470)
_z281.9(470)
080 _b929 Никон, патриарх Всерус.
_z929 Никон, патриарх Всерус.
139 _aНиконъ Святейшiй Патрiархъ Всероссiйскiй и основанный имъ Новый Iерусалимъ
_bН 70
245 1 0 _aНикон, Святейший Патриарх Всероссийский и основанный им Новый Иерусалим
250 _a2. изд.
257 _aRUS
260 _bПаровая скоропечатня П. О. Яблонскаго
_c1899
_aСанкт-Петербург
300 _a346 с.
_c19 см
380 _a2
490 1 _aПриходская библиотека, издаваемая под редакцией В. И. Шемякина
490 _aКолекция Редки и ценни издания
_9435080
600 1 4 _aНикон, патриарх Всерус.
_9310690
650 4 _aИзточноправославна църква - Русия
_9275170
650 4 _aНикон, патриарх Всерус.
_9310690
653 _aправославна църква
653 _aпатриарх Никон
659 _aЦ
852 _aРр 899
_bРц
856 4 _qpdf
856 4 _qpdf
942 _cKNG
_n0
_s1
944 _aCR
_c26.03.2004
_kЛюдмила_Стоянова
944 _aED
_c05.04.2004
999 _d106699